00692 2200229 4500001002100000005001500021035002000036007000300056008004100059020002200100082001100122084001700133100001800150245006500168250001900233260004300252300004900295700002500344700003300369700002400402856003600426INLIS00000000000224320210520102611 a0010-0521000231ta210520 g 0 ind  a978-979-692-614-5 a923.01 a923.01 DED k0 aDeddy Mulyana1 aKomunikasi Lintas Budaya /cProf. Deddy Mulyana, M.A., Ph.D. aCetakan ketiga aBandung :bPT Remaja Rosdakarya,c2015 axvi + 555 halaman :bIlustrasi ;c22 x 16 cm0 aProofreader Nur Asri0 aDesainer sampul Guyun Slamet0 aLayout Beni Subarna aPerpustakaan Umum Kota Makassar